| 000 | 00788 a2200217 4500 | ||
|---|---|---|---|
| 010 | _aENG-90008 | ||
| 020 |
_a9780195696002 _c495.00 |
||
| 035 | _aEN-73541 | ||
| 037 | _bDBAD / PUB | ||
| 082 | 1 | 4 | _a954.61 |
| 090 |
_c12152 _d12152 |
||
| 100 | 1 | _aSagant, Philippe | |
| 245 | 1 |
_aThe dozing shaman: _cby Philippe Sagant; translated by Nora B. Scott _bthe limbus of Eastern Nepal/ |
|
| 260 |
_aNew Delhi _bOxford University Press _c2008 |
||
| 270 |
_aYMCA Library Building, Jai Singh Road _bNew Delhi _e110 001 |
||
| 300 |
_a461p. _c24cm (pbk) |
||
| 500 | _aIncludes glossary, bibliographical references & index | ||
| 700 | _aScott, Nora B. | ||
| 942 |
_adpl _cEN _k954.61 / SAG |
||
| 999 |
_c11798 _d11798 |
||